[Event "Catalan Youth-ch 2020"]
[Site "Salou"]
[Date "2020.09.08"]
[Round "6.4"]
[White "Domene Mulyukov, Alexander"]
[Black "Salinas Tomas, Daniel"]
[Result "1/2-1/2"]
[WhiteElo "1931"]
[BlackElo "1979"]
[Annotator "TA"]
[PlyCount "128"]
[EventDate "2020.09.07"]
[EventType "swiss"]
[EventCountry "ESP"]
[SourceTitle "playchess.com"]
[Source "ChessBase"]
[SourceQuality "1"]

{[%evp 16,128,12,0,0,-7,-11,4,0,-16,11,0,11,-26,-16,-16,-25,-30,13,8,16,6,7,14,175,167,193,200,162,163,158,100,124,121,167,167,168,167,170,170,170,169,209,199,299,299,287,168,175,175,167,172,406,200,210,136,154,0,210,189,171,100,455,356,453,445,462,449,679,678,877,871,972,582,1307,1066,1732,1678,12834,11139,5601,5389,12839,10445,6199,5612,5101,4211,29978,29979,29977,29978,29978,29979,29982,29977,29977,29978,29978,29975,29972,29955,29972,29971,29956,8,8,8,29969,8,8,8,8,8,8]} 1. e4 c5 2. Nf3 Nc6 3. d4 cxd4 4. Nxd4 Nf6 5. Nc3 d6 6. Be2 e5 7. Nf3 h6 8. h3 Be7 9. Be3 Be6 {B58: Classical Sicilian: 6 Be2.} 10. Qd2 d5 11. exd5 Nxd5 {[#]} 12. a3 $146 ({Predecessor:} 12. Nxd5 Qxd5 13. a3 Qxd2+ 14. Nxd2 O-O 15. c3 Rfd8 16. g3 g5 17. h4 Nd4 18. cxd4 exd4 19. Bxg5 hxg5 {0-1 (40) Paakkonen,T (2222)-Vaatainen,T (2219) Finland 2017}) 12... Nxe3 13. Qxe3 Qa5 (13... O-O {feels hotter.} 14. O-O Qc7 15. Bb5 f6 16. Rfe1 Bd8) 14. O-O Qc5 15. Qxc5 Bxc5 16. Rad1 f6 17. b4 Bb6 18. Nb5 Ke7 19. c4 e4 $2 (19... Rhb8 $11) 20. Nh4 $1 $18 {Strongly threatening c5.} Ne5 {With the idea ...g5.} 21. c5 a6 22. Nd6 Bc7 23. Nxe4 ({White should play} 23. Rd4) 23... Rhd8 24. f4 $36 {[%mdl 2048] White has strong initiative.} Nc4 25. f5 Bf7 26. Bxc4 $1 Bxc4 27. Ng6+ Kf7 28. Rfe1 {Black must now prevent Nd2.} Bd3 29. Kf2 Rd5 (29... a5 {was called for.}) 30. g4 $1 Re8 {[#]} 31. Nc3 (31. Nd6+ $142 $1 {[%mdl 512]} Bxd6 32. cxd6) 31... Rxe1 32. Rxe1 {Intending Re7+ and mate.} Rd7 33. Re3 {Threatens to win with c6!} h5 $2 {[#]} (33... Bc4 {might work better.} 34. Ne4 Bb5 35. Nd6+ Bxd6) 34. Nd5 (34. c6 $142 $1 {[%mdl 512]} bxc6 35. Na4) 34... Bc2 35. Nde7 Rd8 {[#]} 36. Nd5 $1 {[%mdl 512]} Rd7 $1 (36... Rxd5 37. Re7+) 37. Nh8+ Kf8 38. Ne7 (38. Nxc7 $18 Rxc7 39. Rc3) 38... Rd8 $2 {[%mdl 8192]} (38... g5 $16 {is a better chance.}) 39. Neg6+ Kg8 40. Re7 hxg4 41. hxg4 ({Not} 41. Rxc7 gxh3 42. Kg3 Kh7 $16) 41... Rc8 (41... Bh2 $142 42. Nf7 (42. Rxb7 Rd2+ 43. Ke3 Rd3+ 44. Ke2 Rd4 $16) 42... Rb8) 42. Re2 Bd1 43. Ne7+ {[%mdl 64] Double Attack} Kxh8 44. Nxc8 Bxe2 45. Kxe2 {[%mdl 4096] Endgame KB-KN} Kh7 46. Nd6 b6 47. Ne8 Be5 48. cxb6 Bd4 49. Nc7 Bxb6 50. Nxa6 Kh6 51. a4 {[%cal Ba3a4,Ba4a5][%mdl 32]} Kg5 52. Kf3 g6 53. fxg6 Kxg6 54. a5 Bg1 55. Nc7 f5 56. gxf5+ Kxf5 57. Nd5 Ke5 58. Nf4 Kd6 59. Ke4 Kc6 60. Kd3 $2 (60. Ne2 Bf2 61. Nd4+ Kd6 62. Nb5+ Kc6 63. Nd4+ Kd6 64. Kd3 Kd5 65. Ne2) 60... Kb5 $11 61. Kc3 Bh2 $2 {[%mdl 8192] [#]} (61... Bf2 $11) 62. Ne2 $2 (62. Ne6 $1 {mates} Bg3 63. Nd4+ Ka6 64. Kc4 Bf2 65. Nb3 Ka7 66. b5 Bh4 67. Kd5) 62... Bc7 $1 {The position is equal.} 63. Nd4+ Ka6 64. Nb3 {And now Kc4 would win.} Kb5 $1 {Accuracy: White = 69%, Black = 48%.} 1/2-1/2

[Event "Catalan Youth-ch 2020"]
[Site "Salou"]
[Date "2020.09.08"]
[Round "6.4"]
[White "Parra Ordorica, Gorka"]
[Black "Pera Muntasell, Marc"]
[Result "0-1"]
[WhiteElo "1883"]
[BlackElo "1890"]
[Annotator "NA RC"]
[PlyCount "46"]
[EventDate "2020.09.07"]
[EventType "swiss"]
[EventCountry "ESP"]
[SourceTitle "playchess.com"]
[Source "ChessBase"]
[SourceQuality "1"]
[TimeControl "5400+30"]

{[%evp 8,46,55,29,50,0,66,23,31,26,41,29,40,44,47,26,41,27,35,16,60,75,83,51,43,67,74,62,61,-30,-22,-133,-108,-195,-195,-183,-194,-525,-553,-516,-591]} 1. d4 {[%emt 0:00:00]} Nf6 {[%emt 0:00:00]} 2. c4 {[%emt 0:00:00]} e6 {[%emt 0:00:00]} 3. g3 {[%emt 0:00:39]} a6 {[%emt 0:00:00]} 4. Bg2 {[%emt 0:00:48]} Be7 {[%emt 0:01:23]} 5. Nf3 {[%emt 0:00:34]} b5 {[%emt 0:01:05]} 6. Ne5 {[%emt 0:06:17] E00: Catalan Bogo-Indian (3 g3 Bb4+).} c6 {[%emt 0:03:41] [#]} (6... Ra7 $1 $11) 7. d5 $146 {[%emt 0:10:16]} ({Better is Predecessor:} 7. c5 $1 $16 Bb7 8. O-O d6 9. cxd6 Bxd6 10. Nd3 Nbd7 11. e4 Be7 12. e5 Nd5 13. Qg4 {1-0 (37) Thapa,K (1916)-Kusatha,N (1865) Budhanilkantha 2019}) 7... cxd5 {[%emt 0:03:57]} 8. cxd5 {[%emt 0:00:48]} Bb7 {[%emt 0:09:02]} 9. Nxf7 {[%emt 0:09:26]} Kxf7 {[%emt 0:01:07]} 10. dxe6+ {[%emt 0:00:13]} dxe6 {[%emt 0:00:19]} 11. Qxd8 {[%emt 0:00:28]} Rxd8 {[%emt 0:00:38]} 12. Bxb7 {[%emt 0:00:13]} Ra7 {[%emt 0:00:04]} 13. Bg2 {[%emt 0:00:39]} Rad7 {[%emt 0:09:53] [#]} 14. O-O $1 {[%emt 0:01:24]} Rd1 {[%emt 0:03:20]} 15. Bf4 {[%emt 0:02:43]} Rxf1+ {[%emt 0:05:56]} 16. Bxf1 {[%emt 0:00:15]} Rd1 {[%emt 0:05:03]} 17. Bxb8 {[%emt 0:05:09]} Nd7 {[%emt 0:00:34]} 18. a4 {[%emt 0:22:33]} (18. Bc7 $14) 18... b4 {[%emt 0:13:08]} 19. Bc7 {[%emt 0:00:59] [#]} ({Better is} 19. Ba7 $1 $15 Bc5 20. Bxc5 Nxc5 21. a5) 19... Nc5 $1 {[%emt 0:01:38]} 20. Bf4 {[%emt 0:15:59]} (20. e4 $17 {might work better.}) 20... Nb3 {[%emt 0:04:08]} 21. Ra2 {[%emt 0:00:36]} Rxb1 {[%emt 0:00:39]} 22. Kg2 $2 {[%emt 0:03:13]} (22. a5) 22... Nc1 {[%emt 0:01:27]} 23. Bxc1 {[%emt 0:00:26]} b3 $19 {[%emt 0:00:16]} ({And not} 23... Rxc1 24. b3 $14) 0-1

[Event "Catalan Youth-ch 2020"]
[Site "Salou"]
[Date "2020.09.08"]
[Round "6.5"]
[White "Travesset Sagre, Jan"]
[Black "Alcala Gonzalez, Cesar"]
[Result "0-1"]
[WhiteElo "2093"]
[BlackElo "2026"]
[Annotator "TA"]
[PlyCount "134"]
[EventDate "2020.09.07"]
[EventType "swiss"]
[EventCountry "ESP"]
[SourceTitle "playchess.com"]
[Source "ChessBase"]
[SourceQuality "1"]

{[%evp 20,134,0,-3,0,0,0,-4,-9,0,-7,0,0,0,0,-27,0,0,23,20,23,20,30,8,45,0,0,0,35,35,34,-16,-60,-118,-131,-127,-117,-132,-131,-126,-139,-342,-248,-281,-177,-187,-118,-196,-181,-317,-319,-373,-372,-365,-316,-346,-352,-356,-355,-418,-412,-463,-458,-438,-368,-369,-363,-416,-387,-406,-408,-498,-492,-478,-405,-400,-345,-388,-389,-340,-323,-493,-455,-418,-406,-482,-496,-672,-668,-2023,-1762,-1875,-1811,-12838,-8865,-865,-787,-12842,-12842,-12841,-12842,-12846,-12839,-12841,-12842,-12842,-12843,-12845,-12845,-12845,-12846,-12850,-29979,-12851,-29980,-12851,-29983]} 1. Nf3 d5 2. c4 c6 3. e3 Nf6 4. Nc3 e6 5. Qc2 Nbd7 6. b3 Bd6 7. Bb2 O-O 8. Be2 Re8 9. O-O b6 10. d4 Bb7 11. Rad1 Qe7 {D45: Semi-Slav: 5 e3.} 12. h3 Rad8 13. e4 dxe4 {The position is equal.} 14. Nxe4 Nxe4 15. Qxe4 Nf8 16. Qg4 f6 17. h4 {[#]} c5 $146 (17... Ng6 $5 {[%cal Rg6f4]} 18. g3 c5 $11) ({Predecessor:} 17... Ng6 18. g3 c5 19. h5 Nh8 20. h6 g6 21. Qh4 g5 22. Qh5 Nf7 23. Bc3 cxd4 24. Nxd4 {½-½ (45) Piccoli,F (2277)-Pereira,N (2246) ICCF email 2016}) 18. h5 e5 19. dxe5 fxe5 20. Nh4 {[#] Threatens to win with Nf5.} Bc8 $1 {[%cal Rc8g4]} 21. Qe4 Bb7 22. Qg4 {aiming for Nf5.} (22. Rd5 $5) 22... Bc8 $1 $36 {[%cal Rc8g4][%mdl 2048] Black has the initiative.} 23. Qe4 Bb7 24. Rd5 Ne6 25. Nf5 (25. Bd3 {keeps more tension.} Ng5 26. Qg4 Bxd5 27. Nf5 Qf6 28. cxd5 Nf7 29. Qe4) 25... Qg5 $1 26. Nxd6 ({White should play} 26. Bc1 $15 Bxd5 27. cxd5) 26... Rxd6 $17 {[%mdl 64] [#] Pin} 27. Qxe5 Bxd5 28. cxd5 Qxe5 29. Bxe5 Rxd5 30. Bc3 $2 (30. Bb5 $17) 30... Kf8 {...Nf4! is the strong threat.} 31. h6 gxh6 {White must now prevent ...Nd4.} 32. Bc4 Rdd8 (32... Rh5 $19 33. f3 Nd4) 33. Bf6 (33. Bb5 $17 {was necessary.}) 33... Rd2 $19 34. a4 (34. Re1 $142) 34... Nd4 35. g3 Nf3+ 36. Kg2 Rd6 37. Bc3 Nd2 38. Bxd2 Rxd2 {[%mdl 4096] Endgame KRR-KRB} 39. Rh1 Kg7 40. g4 Rf8 41. Rf1 Rd4 42. f3 Re8 43. a5 Rb8 44. axb6 axb6 {[%cal Ba7b6,Bb6b5][%mdl 32]} 45. Ra1 b5 46. Ra7+ Kg6 47. Be6 Kf6 48. Bf5 Ke5 49. Kg3 Rd6 50. Rxh7 (50. Ra1 $142) 50... c4 51. bxc4 bxc4 52. Rc7 Kd4 53. f4 Rb3+ 54. Kf2 c3 55. Rc8 Rb5 56. Re8 Rb2+ 57. Kf3 c2 58. Re4+ Kc5 {( -> ...Rd3+)} 59. Re5+ Rd5 60. Re8 Kb4 61. Re4+ Kc3 62. Re3+ Kd2 63. Re2+ Kd1 64. Bxc2+ Rxc2 65. Rxc2 Kxc2 66. Ke4 Ra5 67. f5 Ra4+ {Accuracy: White = 45%, Black = 76%.} 0-1

[Event "Catalan Youth-ch 2020"]
[Site "Salou"]
[Date "2020.09.08"]
[Round "6.5"]
[White "Muntal Corrales, Arnau"]
[Black "Lambert Pont, James"]
[Result "1/2-1/2"]
[WhiteElo "1812"]
[BlackElo "1574"]
[Annotator "NA RC"]
[PlyCount "79"]
[EventDate "2020.09.07"]
[EventType "swiss"]
[EventCountry "ESP"]
[SourceTitle "playchess.com"]
[Source "ChessBase"]
[SourceQuality "1"]
[TimeControl "5400+30"]

{[%evp 9,65,24,14,14,32767,32767,32767,32767,32767,18,14,9,22,-108,-95,-98,-89,-124,-96,-131,-106,-159,-120,-117,0,-68,-74,-200,-185,32767,32767,32767,32767,32767,32767,-210,-219,-225,-225,-212,-208,-216,-185,-181,-189,-204,-93,-100,-69,-130,-39,-16,533,582,571,597,510,622]} 1. d4 {[%emt 0:00:00]} d5 {[%emt 0:00:00]} 2. c4 {[%emt 0:00:00]} e6 {[%emt 0:00:01]} 3. Nc3 {[%emt 0:00:00]} Nf6 {[%emt 0:00:46]} 4. cxd5 {[%emt 0:00:49]} exd5 {[%emt 0:00:08]} 5. Bg5 {[%emt 0:00:43]} c6 {[%emt 0:00:51]} 6. e3 {[%emt 0:00:49]} Bd6 {[%emt 0:00:43]} 7. Qc2 {[%emt 0:02:19]} O-O {[%emt 0:01:37] D36: Queen's Gambit Declined: Exchange Variation: Main line (5 Bg5 c6 6 Qc2).} 8. Bd3 {[%emt 0:02:28]} h6 {[%emt 0:02:09]} 9. Bh4 {[%emt 0:03:23]} Re8 {[%emt 0:02:44]} 10. Nge2 {[%emt 0:06:37]} a5 {[%emt 0:04:38]} 11. O-O {[%emt 0:04:52] [#]} (11. a3 $11 {keeps the balance.}) 11... Bxh2+ $1 {[%emt 0:06:54]} 12. Kxh2 {[%emt 0:07:25]} Ng4+ {[%emt 0:00:45] Discovered Attack} 13. Kg3 {[%emt 0:06:59]} g5 {[%emt 0:01:55]} 14. Bf5 {[%emt 0:06:26]} gxh4+ {[%emt 0:02:33]} 15. Kh3 {[%emt 0:02:40] [#]} h5 $1 {[%emt 0:08:39]} 16. g3 {[%emt 0:04:43] [#]} Kh8 $146 {[%emt 0:22:03]} ({Black should play} 16... Nh6 $17 17. Bxc8 Qxc8+ 18. Kg2 Qg4) ({Predecessor:} 16... Re4 17. Bxc8 Qxc8 18. Kg2 Qf5 19. Ng1 hxg3 20. Nxe4 dxe4 21. Kxg3 h4+ 22. Kxh4 Nd7 23. f3 Ngf6 24. Kg3 Kf8 25. Qh2 Ke7 26. Kf2 Ng4+ {0-1 (26) Litvinov,V-Anufrienko,D (1953) Barnaul 2013}) 17. Nf4 {[%emt 0:05:33]} (17. Kg2 $11) 17... hxg3 {[%emt 0:03:16]} 18. Bxc8 {[%emt 0:13:56]} (18. Nxh5 $15 Re4 19. Nxg3 Bxf5 20. Nxf5) 18... Qxc8 {[%emt 0:07:40]} 19. Kg2 {[%emt 0:07:20]} gxf2 {[%emt 0:03:05]} 20. Nd1 {[%emt 0:02:56]} Nxe3+ {[%emt 0:06:02]} 21. Nxe3 {[%emt 0:00:46]} Rxe3 {[%emt 0:00:15]} 22. Qxf2 {[%emt 0:05:00]} Qg4+ {[%emt 0:05:46]} 23. Kh2 {[%emt 0:00:28]} Re4 {[%emt 0:03:40]} 24. Rae1 {[%emt 0:03:01]} Nd7 {[%emt 0:02:50]} 25. Rxe4 {[%emt 0:03:03]} dxe4 {[%emt 0:00:06]} 26. Rg1 {[%emt 0:00:26]} Qf5 {[%emt 0:03:26]} 27. Qh4 {[%emt 0:03:27] [#]} Nf6 {[%emt 0:02:06]} ({Better is} 27... Rg8 $1 $19 28. Nxh5 Rxg1 29. Kxg1 Kg8 30. Qg3+ Qg6 31. Qxg6+ fxg6) 28. Rg5 {[%emt 0:01:06]} Qh7 {[%emt 0:07:39]} 29. Rc5 {[%emt 0:02:42]} ({Better is} 29. d5 $1 $15) 29... Qh6 {[%emt 0:01:42]} (29... Ng4+ $17 30. Kh3 f5) 30. Rf5 $1 {[%emt 0:02:31]} Ng4+ $2 {[%emt 0:00:30]} (30... Nh7 $1 $11 {and Black is okay.}) 31. Kh1 {[%emt 0:00:32]} Kg8 {[%emt 0:00:28]} 32. Rg5+ {[%emt 0:01:09]} Kf8 {[%emt 0:00:27] [#]} 33. Rxg4 $18 {[%emt 0:00:24] Pin} Qd6 {[%emt 0:00:32]} 34. Rg1 {[%emt 0:01:22]} Qxd4 {[%emt 0:00:21]} 35. Qg5 {[%emt 0:00:39]} Rd8 {[%emt 0:00:38]} 36. Qf5 {[%emt 0:00:38]} Ke7 {[%emt 0:00:31]} 37. Qg5+ {[%emt 0:00:39]} Qf6 {[%emt 0:00:25]} 38. Qxf6+ {[%emt 0:00:19]} Kxf6 {[%emt 0:00:01]} 39. Nxh5+ {[%emt 0:00:11]} Ke5 {[%emt 0:00:22]} 40. Rg2 {[%emt 0:00:45]} 1/2-1/2

[Event "Catalan Youth-ch 2020"]
[Site "Salou"]
[Date "2020.09.08"]
[Round "6.6"]
[White "Moya Nunez, Pau Salvador"]
[Black "Martin Barcelo, Carles"]
[Result "1/2-1/2"]
[WhiteElo "1990"]
[BlackElo "2202"]
[Annotator "TA"]
[PlyCount "76"]
[EventDate "2020.09.07"]
[EventType "swiss"]
[EventCountry "ESP"]
[SourceTitle "playchess.com"]
[Source "ChessBase"]
[SourceQuality "1"]

{[%evp 16,76,8,9,25,7,36,35,27,35,37,38,63,13,26,0,0,-5,0,-8,39,38,34,38,57,60,54,47,47,52,97,47,130,49,58,47,47,47,47,0,0,0,0,0,0,0,18,18,18,0,0,0,0,0,0,0,0,0,0,0,0,0,0]} 1. e4 e6 2. d4 d5 3. Nc3 Nf6 4. e5 Nfd7 5. f4 c5 6. Nf3 Nc6 7. Be3 Be7 8. Qd2 O-O 9. dxc5 Qa5 {C11: French: Classical System: 4 e5 and 4 Bg5 dxe4.} 10. Nd4 {10.a3 gains popularity.} Bxc5 11. Nb3 Bxe3 {White is slightly better.} 12. Qxe3 Qb6 13. Qxb6 axb6 {[#]} 14. Bd3 $146 ({Predecessor:} 14. O-O-O f6 15. exf6 Nxf6 16. g3 Ng4 17. Rd2 e5 18. Nxd5 exf4 19. Nxb6 Bf5 20. Bc4+ {1-0 (30) Palac,M (2551)-Valmana Canto,J (2406) Vienna 2019}) 14... Nc5 15. Kd2 Bd7 16. Rhe1 Rfc8 17. h4 Na4 18. Nxa4 Rxa4 19. g3 Na7 20. c3 Bb5 21. Nd4 Bxd3 22. Kxd3 g6 23. a3 Rac4 {[#]} (23... h5 $14) 24. Rec1 ({White should try} 24. h5 $1 $16) 24... h5 $14 25. b3 R4c7 26. a4 Kf8 27. Ra2 Nc6 {The position is equal.} 28. Rac2 Nxd4 29. Kxd4 $11 {[%mdl 4096] Endgame KRR-KRR} Ke7 30. c4 dxc4 31. Rxc4 Rc6 $1 32. Rxc6 bxc6 {KR-KR} 33. b4 Kd7 34. Ra1 c5+ 35. Kc4 cxb4+ 36. Kxb4 Rc5 37. Rd1+ Kc7 38. Rd3 Rc1 {Accuracy: White = 75%, Black = 81%.} 1/2-1/2

[Event "Catalan Youth-ch 2020"]
[Site "Salou"]
[Date "2020.09.08"]
[Round "6.6"]
[White "Marcos Rodriguez, Raul"]
[Black "Iborra Polo, Eric"]
[Result "1/2-1/2"]
[WhiteElo "1459"]
[BlackElo "1640"]
[Annotator "NA RC"]
[PlyCount "84"]
[EventDate "2020.09.07"]
[EventType "swiss"]
[EventCountry "ESP"]
[SourceTitle "playchess.com"]
[Source "ChessBase"]
[SourceQuality "1"]
[TimeControl "5400+30"]

1. e4 {[%emt 0:00:00]} c5 {[%emt 0:00:00]} 2. Nf3 {[%emt 0:00:00]} Nc6 {[%emt 0:00:00]} 3. d4 {[%emt 0:00:28]} cxd4 {[%emt 0:00:08]} 4. Nxd4 {[%emt 0:00:10]} e5 {[%emt 0:00:48]} 5. Nb5 {[%emt 0:00:29]} a6 {[%emt 0:00:43]} 6. Nd6+ {[%emt 0:01:55]} Bxd6 {[%emt 0:00:46]} 7. Qxd6 {[%emt 0:00:07]} Qe7 {[%emt 0:00:31]} 8. Qd1 {[%emt 0:07:11]} Nf6 {[%emt 0:00:49]} 9. Nc3 {[%emt 0:00:24]} d6 {[%emt 0:00:50]} 10. Bg5 {[%emt 0:01:53]} Be6 {[%emt 0:00:28]} 11. Nd5 {[%emt 0:00:59]} Bxd5 {[%emt 0:00:32]} 12. exd5 {[%emt 0:00:19]} Nb8 {[%emt 0:00:13]} 13. Be2 {[%emt 0:03:34]} O-O {[%emt 0:01:31]} 14. O-O {[%emt 0:00:27]} h6 {[%emt 0:00:55]} 15. Be3 {[%emt 0:02:11]} Nbd7 {[%emt 0:01:01]} 16. c4 {[%emt 0:01:56]} Nh7 {[%emt 0:02:29]} 17. Rc1 {[%emt 0:02:46]} Rac8 {[%emt 0:04:30]} 18. b4 {[%emt 0:10:54]} f5 {[%emt 0:05:25]} 19. f3 {[%emt 0:02:57]} g5 {[%emt 0:06:55]} 20. c5 {[%emt 0:06:56]} Nhf6 {[%emt 0:03:24]} 21. Bc4 {[%emt 0:08:17]} e4 {[%emt 0:03:25]} 22. f4 {[%emt 0:03:16]} Ng4 {[%emt 0:03:08]} 23. Qe2 {[%emt 0:02:21]} Nxe3 {[%emt 0:01:05]} 24. Qxe3 {[%emt 0:00:08]} Kh7 {[%emt 0:01:29]} 25. cxd6 {[%emt 0:01:39]} Qf6 {[%emt 0:05:13]} 26. fxg5 {[%emt 0:08:55]} hxg5 {[%emt 0:00:51]} 27. g4 {[%emt 0:00:26]} Ne5 {[%emt 0:00:51]} 28. Qh3+ {[%emt 0:03:16]} Qh6 {[%emt 0:02:29]} 29. Qxh6+ {[%emt 0:00:29]} Kxh6 {[%emt 0:00:05]} 30. Be2 {[%emt 0:02:19]} f4 {[%emt 0:00:59]} 31. Rc7 {[%emt 0:05:44]} f3 {[%emt 0:06:27]} 32. Bd1 {[%emt 0:01:56]} Nxg4 {[%emt 0:01:34]} 33. Bxf3 {[%emt 0:07:29]} exf3 {[%emt 0:00:14]} 34. Rxf3 {[%emt 0:01:07]} Rxf3 {[%emt 0:01:16]} 35. Rxc8 {[%emt 0:00:40]} Rf7 {[%emt 0:00:16]} 36. Rc7 {[%emt 0:00:40]} Rf6 {[%emt 0:02:50]} 37. d7 {[%emt 0:00:43]} Rd6 {[%emt 0:00:22]} 38. Rc6 {[%emt 0:00:19]} bxc6 {[%emt 0:03:13]} 39. dxc6 {[%emt 0:00:01]} Rd1+ {[%emt 0:00:53]} 40. Kg2 {[%emt 0:00:04]} Ne5 {[%emt 0:07:32]} 41. c7 {[%emt 0:00:04]} Rd2+ {[%emt 0:00:07]} 42. Kg1 {[%emt 0:00:06]} Ng4 {[%emt 0:00:07]} 1/2-1/2

[Event "Catalan Youth-ch 2020"]
[Site "Salou"]
[Date "2020.09.08"]
[Round "6.7"]
[White "Castillo Dalmau, Arnau"]
[Black "Prats Safont, Sergi"]
[Result "1/2-1/2"]
[WhiteElo "2018"]
[BlackElo "2103"]
[Annotator "TA"]
[PlyCount "106"]
[EventDate "2020.09.07"]
[EventType "swiss"]
[EventCountry "ESP"]
[SourceTitle "playchess.com"]
[Source "ChessBase"]
[SourceQuality "1"]

{[%evp 10,106,7,3,9,4,8,4,7,0,0,-6,-3,-35,-10,-31,-29,-66,-70,-94,-86,-85,-77,-125,-46,-100,-122,-172,-31,-24,-31,-71,0,-46,81,49,47,50,154,114,103,97,154,160,141,0,0,0,0,0,222,37,286,104,120,15,128,0,145,138,140,128,125,115,119,104,175,180,681,207,402,401,1075,1102,1014,361,341,353,466,0,355,346,436,416,419,0,0,0,0,0,0,0,0,0,0,0,0,0,0]} 1. d4 Nf6 2. Nf3 e6 3. e3 b6 4. Bd3 Bb7 5. b3 c5 6. O-O d5 {A47: 1 d4 Nf6 2 Nf3 b6: Torre, London and Colle Systems.} 7. Bb2 Bd6 8. Nbd2 Nc6 9. Ne5 O-O 10. a3 Ne7 11. f4 Rc8 12. Qe2 Ne4 13. Bxe4 dxe4 14. Ndc4 {[%cal Bd2c4,Bc4a3,Ba3b5][%mdl 32]} Ba6 15. Rfd1 {[#]} Nd5 $146 ({Predecessor:} 15... cxd4 16. Rxd4 Nf5 17. Rxe4 Bb7 18. Nxd6 Qxd6 19. Rd1 Qxd1+ 20. Qxd1 Bxe4 21. c4 f6 {1-0 (36) Batchimeg,T (2346)-Koneru,H (2598) Sharjah 2014}) 16. a4 Qc7 (16... f6 $1 $17 17. Ng4 cxd4 18. Bxd4 Rc6) 17. Qd2 (17. a5 $15) 17... Be7 $1 $17 18. Na3 Rfd8 (18... cxd4 $19 19. Bxd4 Bxa3 20. Rxa3 f6) 19. c4 $15 Nb4 {Threatens to win with ...cxd4.} 20. Nb5 Qb8 (20... Bxb5 $1 $17 21. axb5 cxd4 22. exd4 f6) 21. Bc3 (21. Qe2 {with more complications.} Qb7 22. Bc3 cxd4 23. Nxd4 Nd5 24. Bb2) 21... Nc6 (21... f6 $15 22. Ng4 Bb7) 22. Nxc6 $16 Rxc6 23. Qc2 f5 ({Black should play} 23... cxd4 $14 24. Bxd4 (24. Nxd4 Rcc8 $14) (24. Qxe4 Bb7 $14) (24. Rxd4 Rcc8 $14) 24... Rcc8) 24. d5 $36 {[%mdl 2048] White is in control.} exd5 25. cxd5 Rg6 (25... Rcc8 $142) 26. Be5 Qb7 27. Qc4 ({White must play} 27. d6 $16 Bf8 28. Qc4+ Kh8 29. b4) 27... Bd6 $11 28. Ra2 Qe7 29. Qc3 Bb8 $2 (29... Bxb5 $1 $11 30. axb5 Qf7) 30. Rad2 $2 (30. Bxb8 $1 $18 Rxb8 31. Qe5 Qxe5 32. fxe5) 30... Kh8 $2 {[#]} (30... Bxb5 $14 31. axb5 Bd6) 31. Kh1 $2 (31. Bxb8 $1 $18 Rxb8 {[#]} 32. Qe5 $1 {[%mdl 512]}) 31... Qf7 32. Qc4 ({Better is} 32. d6 $16) 32... Qd7 (32... Bxb5 $1 $11 {keeps the balance.} 33. axb5 Bd6) 33. Kg1 (33. d6 $16) 33... Qe8 (33... Bd6 $11 {remains equal.}) 34. d6 $16 {And now d7 would win.} Qd7 35. Kf2 h6 36. Kg1 Kh7 37. Kh1 Bxb5 (37... Rc8 $16 {was necessary.}) 38. axb5 $18 (38. Qxb5 $6 Qxb5 39. axb5 Rd7 $14) 38... Qb7 $2 (38... Rc8 39. Rg1 h5) 39. Rd5 $2 (39. d7) 39... Rd7 $2 (39... Qd7 {keeps fighting.} 40. b4 cxb4 41. Qxb4 Re8) 40. b4 Qc8 (40... cxb4 $142 41. Qc6 (41. Qxb4 Qc8 $16) 41... a5 42. Qxb7 Rxb7) 41. bxc5 bxc5 42. Qxc5 $2 (42. Rxc5 Qf8 43. Rc8) 42... Qd8 43. Qc6 Rf7 44. Qc5 Rd7 45. h3 Qh4 46. Qc8 Rg3 47. Kh2 $2 ({Inferior is} 47. Qxd7 Rxh3+ 48. gxh3 Qxh3+ 49. Kg1 Qxe3+ 50. Kf1 Qf3+ 51. Ke1 (51. Kg1 Qg4+ 52. Kf2 Qf3+ 53. Ke1 Qe3+ 54. Kf1 Qf3+ 55. Kg1 Qg4+ 56. Kf1 Qf3+ $11) 51... Qe3+ 52. Kf1 Qf3+ 53. Ke1 (53. Kg1 Qg4+ 54. Kh1 Qh5+ 55. Kg2 Qf3+ 56. Kh2 Qh5+ 57. Kg3 Qf3+ 58. Kh2 Qh5+ 59. Kg2 Qg4+ 60. Kf2 Qf3+ 61. Kg1 Qg4+ 62. Kf1 Qf3+ $11) 53... Qe3+ 54. Kf1 $11) (47. Rb1 $18 Rxh3+ 48. gxh3 Qxh3+ 49. Kg1 Qxe3+ 50. Kf1 Qf3+ 51. Ke1 (51. Kg1 Bc7 $11)) 47... Rxh3+ $11 {The position is equal.} 48. gxh3 {Intending Rg1 and mate.} Qf2+ 49. Kh1 Qf3+ 50. Kg1 Qxe3+ 51. Kh2 Qf2+ 52. Kh1 Qf3+ {[%mdl 64] Double Attack} 53. Kh2 {aiming for Rg1.} Qf2+ {White really could win this. Accuracy: White = 50%, Black = 43%.} 1/2-1/2